LIBRARY ONLINE CATALOGUE

Law of the Sea (Record no. 17369)

MARC details
000 -LEADER
fixed length control field 00497nam a22001457a 4500
008 - FIXED-LENGTH DATA ELEMENTS--GENERAL INFORMATION
fixed length control field 190118b xxu||||| |||| 00| 0 eng d
020 ## - INTERNATIONAL STANDARD BOOK NUMBER
International Standard Book Number 9351452973
050 ## - LIBRARY OF CONGRESS CALL NUMBER
Classification number JX4411
Item number .P38 2015 c.1
100 ## - MAIN ENTRY--PERSONAL NAME
Personal name Patel, Bimal
245 ## - TITLE STATEMENT
Title Law of the Sea
Remainder of title International tribunal for the law of the sea jurisprudence: case commentary, case-law digest and reference guide(1994-2014)
Statement of responsibility, etc. Bimal Patel
260 ## - PUBLICATION, DISTRIBUTION, ETC. (IMPRINT)
Place of publication, distribution, etc. India
Name of publisher, distributor, etc. EBC Publishing
Date of publication, distribution, etc. 2015
300 ## - PHYSICAL DESCRIPTION
Extent l, 418p.
650 ## - SUBJECT ADDED ENTRY--TOPICAL TERM
Topical term or geographic name as entry element law of the sea
942 ## - ADDED ENTRY ELEMENTS (KOHA)
Source of classification or shelving scheme Library of Congress Classification
Koha item type General Collection
Holdings
Withdrawn status Lost status Source of classification or shelving scheme Not for loan Home library Current library Date acquired Cost, normal purchase price Total Checkouts Full call number Barcode Date last seen Date last checked out Price effective from Koha item type
    Library of Congress Classification   Kabarak, Main Campus Kabarak, Main Campus 18/01/2019 34440.00 2 JX4411 .P38 2015 c.1 024914 27/01/2022 24/01/2022 18/01/2019 General Collection